[Event "San Giorgio m rap"]
[Site "San Giorgio"]
[Date "1995.??.??"]
[Round "2"]
[White "Karpov, Anatoly"]
[Black "Tiviakov, Sergei"]
[Result "1-0"]
[WhiteElo "2765"]
[BlackElo "2625"]
[PlyCount "137"]
[EventDate "1995.??.??"]
[Source "www.chesslib.no"]
[SourceDate "2004.05.04"]

1. Nf3 Nf6 2. c4 b6 3. g3 e6 4. Bg2 Bb7 5. d4 Be7 6. Nc3 Ne4 7. Bd2 f5 8. d5 exd5 9. Nxd5 O-O 10. O-O Nc6 11. Bf4 d6 12. Nd2 Nc5 13. b4 Ne6 14. b5 Na5 15. Nb3 Nxb3 16. axb3 Kh8 17. Nb4 Bxg2 18. Kxg2 Bf6 19. Ra2 Qe8 20. Nd5 Qf7 21. Qd3 Nc5 22. Qxf5 Nxb3 23. Be3 Na5 24. Qd3 c6 25. bxc6 Nxc6 26. Rc1 Rac8 27. Qe4 Be5 28. Rac2 Rfe8 29. Qg4 Na5 30. Nb4 Bf6 31. h4 Qb7+ 32. Qf3 Qe4 33. Nd5 Qxf3+ 34. Kxf3 Be5 35. g4 Nb3 36. Rb1 Na5 37. Rb4 Nc6 38. Ra4 Bd4 39. Bf4 Be5 40. e3 Bxf4 41. Kxf4 Na5 42. e4 Rc5 43. f3 Rec8 44. Ne3 Kg8 45. g5 Kf7 46. Kg4 Nc6 47. f4 Ra5 48. Rxa5 Nxa5 49. Nf5 Rc6 50. h5 a6 51. Ne3 b5 52. cxb5 Rxc2 53. Nxc2 axb5 54. Nb4 Nc4 55. Kf3 Ke6 56. Ke2 Nb6 57. Nc6 Kd7 58. Nd4 b4 59. Kd3 g6 60. h6 Ke7 61. f5 Kf7 62. Nb5 d5 63. Nd6+ Kg8 64. e5 Nd7 65. e6 Ne5+ 66. Kd4 Nc6+ 67. Kc5 gxf5 68. Kxc6 Kf8 69. Kd7 1-0

[Event "Linares"]
[Site "?"]
[Date "1993.??.??"]
[Round "?"]
[White "Ivanchuk, V."]
[Black "Salov, V."]
[Result "1-0"]
[WhiteElo "2710"]
[BlackElo "2660"]
[PlyCount "185"]
[EventDate "1993.??.??"]
[Source "ChessBase"]
[SourceDate "1993.02.01"]

1. d4 Nf6 2. c4 e6 3. Nf3 b6 4. g3 Bb7 5. Bg2 Be7 6. Nc3 Ne4 7. Bd2 f5 8. d5 Bf6 9. Qc2 Nd6 10. Bf4 Qe7 11. Bxd6 cxd6 12. O-O O-O 13. Rfd1 g6 14. Nd4 e5 15. Ndb5 Rc8 16. e4 f4 17. Qb3 Na6 18. Qa3 Rc5 19. Bf1 Nc7 20. Rac1 fxg3 21. hxg3 Bg5 22. Rc2 Nxb5 23. cxb5 h5 24. Bd3 Kg7 25. b4 Rc7 26. Ne2 Rxc2 27. Bxc2 a6 28. Kg2 axb5 29. Qb3 h4 30. Ng1 hxg3 31. fxg3 Qf8 32. Nf3 Bh6 33. Qb2 Qc8 34. Bb3 Qc7 35. Ng1 Rc8 36. Ne2 Qd8 37. Qb1 Qg5 38. Qd3 Rf8 39. Rf1 Qd2 40. Qxd2 Bxd2 41. Rxf8 Kxf8 42. a3 Ke7 43. Kf3 Kf6 44. Kg4 Kg7 45. Bc2 Kf6 46. Bd3 Ba6 47. Ng1 Bc1 48. a4 bxa4 49. Bxa6 a3 50. Bc4 b5 51. Bb3 Bd2 52. Nf3 Bxb4 53. Kh3 Ke7 54. Kg2 Kd8 55. Kf1 Kc7 56. Ke2 Kb6 57. Kd3 Bc5 58. Kc3 Bf2 59. g4 Kc5 60. Ba2 Bg3 61. Kb3 b4 62. Ka4 Bf4 63. Bb3 g5 64. Ka5 Be3 65. Ka6 Bf4 66. Kb7 Be3 67. Kc7 Bf4 68. Kxd7 Be3 69. Kc7 Bf4 70. Kb7 Kb5 71. Ng1 Kc5 72. Ne2 Bd2 73. Ka7 Bc3 74. Ka8 Be1 75. Kb8 Bc3 76. Ka7 Bd2 77. Kb7 Bc3 78. Kc8 Bd2 79. Kd8 Be3 80. Ke7 Bd2 81. Ke6 Be3 82. Ba2 Bd2 83. Ng3 Kd4 84. Nf5+ Kc3 85. Nxd6 b3 86. Nb5+ Kb4 87. Bxb3 Kxb3 88. Nxa3 Kxa3 89. d6 Kb3 90. Kf6 Kc4 91. d7 Ba5 92. Kxg5 Kc5 93. Kh6 1-0

[Event "Muenchen"]
[Site "?"]
[Date "1993.??.??"]
[Round "?"]
[White "Gelfand, B."]
[Black "Hjartarson, J."]
[Result "1/2-1/2"]
[WhiteElo "2690"]
[BlackElo "2625"]
[PlyCount "122"]
[EventDate "1993.??.??"]
[Source "ChessBase"]
[SourceDate "1993.02.01"]

1. d4 Nf6 2. c4 e6 3. Nf3 b6 4. g3 Bb7 5. Bg2 Be7 6. Nc3 Ne4 7. Bd2 f5 8. d5 Bf6 9. Qc2 Nd6 10. Bf4 Qe7 11. Bxd6 Qxd6 12. O-O Na6 13. e4 Bxc3 14. Qxc3 fxe4 15. Ng5 exd5 16. cxd5 O-O 17. Nxe4 Qb4 18. Rfd1 Rae8 19. Rd4 Qxc3 20. Nxc3 c5 21. dxc6 dxc6 22. Rd6 Nb8 23. Rad1 Re7 24. f4 c5 25. Bxb7 Rxb7 26. Kf2 g5 27. Nd5 Rbf7 28. Kg2 gxf4 29. Nxf4 Na6 30. R1d5 Nc7 31. Rg5+ Kh8 32. Rh6 Rd8 33. Ng6+ Kg8 34. Ne7+ Kf8 35. Nf5 Rd2+ 36. Kh3 Rxb2 37. Rgh5 Rxa2 38. Rxh7 Rxh7 39. Rxh7 Ne6 40. Kg4 c4 41. Rh8+ Kf7 42. Nd6+ Ke7 43. Ne4 Nc5 44. Nxc5 bxc5 45. Kf3 c3 46. Ke3 Rd2 47. Rh7+ Kd6 48. Rxa7 c4 49. Ra8 Kc5 50. Rc8+ Kb4 51. Rb8+ Ka3 52. Ra8+ Kb2 53. Rb8+ Kc1 54. Rc8 Rxh2 55. Rxc4 c2 56. g4 Kb2 57. Kf4 Kb3 58. Rc7 Rh1 59. Kf5 c1=Q 60. Rxc1 Rxc1 61. g5 Kc4 1/2-1/2

[Event "Munich GER"]
[Site "Munich GER"]
[Date "1993.??.??"]
[Round "3"]
[White "Gelfand, Boris"]
[Black "Hjartarson, Johann"]
[Result "1/2-1/2"]
[WhiteElo "2690"]
[BlackElo "2625"]
[PlyCount "53"]
[EventDate "1993.??.??"]
[Source "www.chesslib.no"]
[SourceDate "2004.05.04"]

1. d4 Nf6 2. c4 e6 3. Nf3 b6 4. g3 Bb7 5. Bg2 Be7 6. Nc3 Ne4 7. Bd2 f5 8. d5 Bf6 9. Qc2 Nd6 10. Bf4 Qe7 11. Bxd6 Qxd6 12. O-O Na6 13. e4 Bxc3 14. Qxc3 fxe4 15. Ng5 exd5 16. cxd5 O-O 17. Nxe4 Qb4 18. Rfd1 Rae8 19. Rd4 Qxc3 20. Nxc3 c5 21. dxc6 Nb8 22. Rad1 Re7 23. f4 g5 24. Nd5 gxf4 25. Nxf4 Na6 26. Ng6 Kf7 27. Rc4 1/2-1/2

[Event "Ch World (match)"]
[Site "Ch World (match)"]
[Date "1971.??.??"]
[Round "6"]
[White "Korchnoi, Viktor L"]
[Black "Petrosian, Tigran V"]
[Result "1/2-1/2"]
[WhiteElo "2660"]
[BlackElo "2640"]
[PlyCount "66"]
[EventDate "1971.??.??"]
[Source "www.chesslib.no"]
[SourceDate "2004.05.04"]

1. c4 Nf6 2. Nf3 e6 3. d4 b6 4. g3 Bb7 5. Bg2 Be7 6. Nc3 Ne4 7. Bd2 d6 8. d5 Nxd2 9. Nxd2 O-O 10. O-O Kh8 11. Qc2 Nd7 12. b4 Bf6 13. Nde4 Bxc3 14. Nxc3 Qe7 15. Rfd1 Nf6 16. a3 e5 17. Rab1 Ne8 18. e3 g6 19. Ne2 f5 20. c5 Rd8 21. a4 Nf6 22. Qc4 a6 23. Rbc1 Rf7 24. cxb6 cxb6 25. Qd3 Kg8 26. Rc2 Qe8 27. Qb3 Kg7 28. f4 Bxd5 29. Bxd5 Nxd5 30. Rc6 a5 31. bxa5 bxa5 32. Ra6 Ra8 33. Rb1 Nc3 1/2-1/2

[Event "URS-chT"]
[Site "Moscow"]
[Date "1972.??.??"]
[Round "?"]
[White "Kortschnoj, Viktor"]
[Black "Polugaevsky, Lev"]
[Result "1/2-1/2"]
[WhiteElo "2640"]
[BlackElo "2645"]
[PlyCount "29"]
[EventDate "1972.??.??"]
[Source "ChessBase"]

1. c4 Nf6 2. Nf3 b6 3. g3 Bb7 4. Bg2 e6 5. d4 Be7 6. Nc3 Ne4 7. Bd2 d5 8. cxd5 exd5 9. Rc1 O-O 10. O-O Nd7 11. Bf4 c5 12. Nxe4 dxe4 13. Nd2 f5 14. Nb3 Bd5 15. dxc5 1/2-1/2

[Event "Beer_Sheva"]
[Site "?"]
[Date "1997.??.??"]
[Round "?"]
[White "Korchnoi, V."]
[Black "Rozentalis, E."]
[Result "0-1"]
[WhiteElo "2635"]
[BlackElo "2650"]
[PlyCount "72"]
[EventDate "1997.??.??"]
[Source "ChessBase"]
[SourceDate "1997.02.01"]

1. Nf3 Nf6 2. c4 e6 3. d4 b6 4. g3 Bb7 5. Bg2 Be7 6. Nc3 Ne4 7. Bd2 f5 8. d5 Bf6 9. Qc2 Qe7 10. Nxe4 fxe4 11. Qxe4 Bxb2 12. Rb1 Bf6 13. Nd4 Bxd4 14. Qxd4 e5 15. Qg4 d6 16. c5 O-O 17. c6 Bc8 18. Qa4 a5 19. O-O Na6 20. Qa3 e4 21. Qe3 Bf5 22. Bc3 Rae8 23. Rbd1 Qf7 24. Qd4 Nc5 25. Qc4 Qh5 26. Bd4 Bh3 27. f4 exf3 28. exf3 Bxg2 29. Kxg2 Re7 30. Rd2 Rfe8 31. Rff2 Qf5 32. Bc3 h6 33. Qd4 Qg6 34. h4 Re3 35. h5 Qg5 36. Rd1 Ne4 0-1

[Event "St Petersburg RUS"]
[Site "?"]
[Date "1997.??.??"]
[Round "?"]
[White "Khalifman Alexander"]
[Black "Kortschnoj Viktor"]
[Result "1-0"]
[WhiteElo "2650"]
[BlackElo "2635"]
[PlyCount "31"]
[EventDate "1997.??.??"]
[Source "www.chesslib.no"]
[SourceDate "2004.05.04"]

1. d4 Nf6 2. c4 e6 3. Nf3 b6 4. g3 Bb7 5. Bg2 Be7 6. Nc3 Ne4 7. Bd2 f5 8. d5 Bf6 9. Qc2 Qe7 10. Rd1 exd5 11. cxd5 c5 12. Kf1 Na6 13. Nxe4 fxe4 14. Nd4 Bxd5 15. Bc3 Bxd4 16. Qb1 1-0

[Event "Beograd"]
[Site "?"]
[Date "1993.??.??"]
[Round "?"]
[White "Romanishin, O."]
[Black "Tiviakov, S."]
[Result "1-0"]
[WhiteElo "2615"]
[BlackElo "2635"]
[PlyCount "57"]
[EventDate "1993.??.??"]
[Source "ChessBase"]
[SourceDate "1993.10.01"]

1. d4 Nf6 2. Nf3 e6 3. g3 b6 4. Bg2 Bb7 5. c4 Be7 6. Nc3 O-O 7. d5 Bb4 8. O-O Na6 9. Nh4 Nc5 10. Na4 exd5 11. a3 b5 12. axb4 Nxa4 13. cxd5 Re8 14. Qd3 Nb6 15. e4 d6 16. Nf5 a6 17. b3 Nbd7 18. Bb2 Ne5 19. Qc2 c6 20. f4 Ng6 21. dxc6 Rc8 22. e5 dxe5 23. fxe5 Nxe5 24. Rad1 Qb6+ 25. Bd4 Qc7 26. Nxg7 Kxg7 27. Qf5 Bxc6 28. Qxf6+ Kg8 29. Rf5 1-0

[Event "Belfort Masters 6th"]
[Site "Belfort"]
[Date "2003.12.22"]
[Round "8"]
[White "Tregubov, Pavel V"]
[Black "Bauer, Christian"]
[Result "1/2-1/2"]
[WhiteElo "2635"]
[BlackElo "2602"]
[PlyCount "102"]
[EventDate "2003.12.15"]
[Source "ChessBase"]
[SourceDate "2004.03.30"]

1. d4 Nf6 2. c4 e6 3. Nf3 b6 4. g3 Bb7 5. Bg2 Be7 6. Nc3 Ne4 7. Bd2 f5 8. d5 Na6 9. Nd4 Bf6 10. e3 O-O 11. O-O Nac5 12. Qc2 a5 13. Nxe4 fxe4 14. dxe6 dxe6 15. Bc3 Qe8 16. Rad1 Qg6 17. b4 axb4 18. Bxb4 Be7 19. Nb5 Rf5 20. Nc3 Re5 21. Rd2 Bc6 22. Rfd1 Bd6 23. Bxc5 Bxc5 24. Rd8+ Rxd8 25. Rxd8+ Kf7 26. Nb5 Bxb5 27. cxb5 Ke7 28. Rd1 Qf5 29. Rc1 Bd6 30. a4 Rc5 31. Qb1 Rxc1+ 32. Qxc1 Qd5 33. Qc2 Qd3 34. Bxe4 Qxc2 35. Bxc2 h6 36. Kg2 Kf6 37. Kf3 Bb4 38. Ke4 Be1 39. f4 g5 40. g4 Bd2 41. h3 Bc1 42. Bb3 Bd2 43. Bc4 Bc1 44. f5 exf5+ 45. gxf5 Bd2 46. Be2 Bc1 47. Bg4 Bd2 48. Kd4 Bc1 49. e4 Bf4 50. Kd5 Bg3 51. Kc6 Be5 1/2-1/2

[Event "It (Open) Dubai UAE"]
[Site "?"]
[Date "2006.04.27"]
[Round "5"]
[White "Izoria Zviad"]
[Black "Fedorchuk Sergey A"]
[Result "1/2-1/2"]
[WhiteElo "2647"]
[BlackElo "2576"]
[PlyCount "94"]
[EventDate "2006.??.??"]
[Source "www.chesslib.no"]
[SourceDate "2004.05.04"]

1. Nf3 Nf6 2. c4 b6 3. g3 Bb7 4. Bg2 e6 5. d4 Be7 6. Nc3 Ne4 7. Bd2 Bf6 8. Qc2 Nxd2 9. Qxd2 d6 10. d5 O-O 11. Nd4 Bxd4 12. Qxd4 c5 13. Qd2 Nd7 14. O-O e5 15. f4 Qe7 16. f5 Nf6 17. h3 h6 18. g4 Kh7 19. Be4 g5 20. fxg6+ fxg6 21. Qd3 Qg7 22. Rf3 Nxe4 23. Nxe4 Rxf3 24. exf3 Qe7 25. h4 Qxh4 26. Kg2 Qe7 27. Rh1 Kg7 28. Qe3 Rh8 29. g5 h5 30. Nf6 Bc8 31. f4 h4 32. fxe5 h3+ 33. Kh2 Qxe5+ 34. Qxe5 dxe5 35. Re1 Rh4 36. Rxe5 Bf5 37. b3 Kf7 38. d6 Be6 39. d7 Rh8 40. Re3 Rd8 41. Rd3 Ke7 42. Re3 Kf7 43. Rd3 Bf5 44. Rd2 Ke7 45. Re2+ Kf7 46. Rd2 Ke7 47. Re2+ Kf7 1/2-1/2

[Event "It"]
[Site "It, Reykjavik"]
[Date "1988.??.??"]
[Round "138"]
[White "Jussupow, Artur M"]
[Black "Hjartarson, Johann"]
[Result "1/2-1/2"]
[WhiteElo "2620"]
[BlackElo "2590"]
[PlyCount "46"]
[EventDate "1988.??.??"]
[Source "www.chesslib.no"]
[SourceDate "2004.05.04"]

1. d4 Nf6 2. Nf3 e6 3. c4 b6 4. g3 Bb7 5. Bg2 Be7 6. Nc3 Ne4 7. Bd2 f5 8. d5 Bf6 9. Qc2 Nd6 10. Bf4 Qe7 11. Bxd6 Qxd6 12. O-O Na6 13. Rad1 O-O-O 14. Nb5 Qc5 15. dxe6 dxe6 16. Nxa7+ Kb8 17. Nb5 c6 18. Nc3 Qxc4 19. Nd2 Qb4 20. a3 Qc5 21. Nb3 Qc4 22. Nd2 Qc5 23. Nb3 Qc4 1/2-1/2

[Event "Malmo"]
[Site "?"]
[Date "1993.??.??"]
[Round "?"]
[White "Romanishin, O."]
[Black "Rozentalis, E."]
[Result "1-0"]
[WhiteElo "2615"]
[BlackElo "2595"]
[PlyCount "53"]
[EventDate "1993.??.??"]
[Source "ChessBase"]
[SourceDate "1993.06.01"]

1. d4 Nf6 2. Nf3 e6 3. g3 b6 4. Bg2 Bb7 5. c4 Be7 6. Nc3 Ne4 7. Bd2 f5 8. d5 Bf6 9. Qc2 Qe7 10. O-O Na6 11. Rad1 O-O 12. Nxe4 fxe4 13. Qxe4 Rae8 14. Be3 exd5 15. Qxe7 Rxe7 16. Nd4 Bxd4 17. Rxd4 Nb4 18. Rd2 Rf5 19. g4 Rfe5 20. a3 Na6 21. cxd5 d6 22. b4 Bc8 23. Bf3 Rf7 24. Rc1 Bd7 25. Kg2 Bb5 26. Kg3 Re8 27. Rc3 1-0

[Event "Biel"]
[Site "?"]
[Date "1991.??.??"]
[Round "?"]
[White "Gavrikov, V."]
[Black "Adams, M."]
[Result "1-0"]
[WhiteElo "2585"]
[BlackElo "2615"]
[PlyCount "159"]
[EventDate "1991.??.??"]
[Source "ChessBase"]
[SourceDate "1991.06.01"]

1. Nf3 Nf6 2. c4 e6 3. g3 b6 4. Bg2 Bb7 5. d4 Be7 6. Nc3 Ne4 7. Bd2 O-O 8. d5 Nxd2 9. Nxd2 d6 10. O-O e5 11. e4 a5 12. a3 Bg5 13. Nf3 Bh6 14. b4 Nd7 15. Qd3 Qe7 16. Nb5 Nf6 17. Nd2 Ba6 18. Nb3 axb4 19. axb4 Bxb5 20. cxb5 Rfb8 21. Ra6 Rd8 22. Rfa1 Rab8 23. Bh3 g6 24. Ra7 Bg5 25. Qc2 Ne8 26. R1a2 h5 27. Kg2 Kg7 28. Qc4 Qf6 29. Na1 Kg8 30. Nc2 Bh6 31. Ne1 Qe7 32. Nd3 h4 33. Qc6 Kg7 34. Re2 Kg8 35. Ne1 Kg7 36. Nf3 Bg5 37. Rea2 Bf6 38. Rb7 Rxb7 39. Qxb7 Kf8 40. Qc6 Bg5 41. Ra7 hxg3 42. hxg3 Kg7 43. Ne1 Bh6 44. Qxb6 cxb6 45. Rxe7 Nf6 46. f3 Bd2 47. Nc2 Ra8 48. Be6 Kh6 49. Rxf7 Nh5 50. Kh3 Ra2 51. Rc7 Kg5 52. Bf7 Rb2 53. Rc6 Nf6 54. Be6 Nh5 55. Bg4 Nf6 56. Bc8 Nh5 57. Be6 Ra2 58. Rc8 Rb2 59. Bf7 Nf6 60. Rc6 Ra2 61. Rc8 Rb2 62. Rc6 Ra2 63. Be6 Nh5 64. f4+ exf4 65. e5 fxg3 66. exd6 Nf6 67. d7 Nxd7 68. Bxd7 Ra7 69. Be8 Bf4 70. Bxg6 Ra8 71. Bh7 Rh8 72. Rg6+ Kf5 73. Rg7+ Ke5 74. Rd7 Rc8 75. Rf7 Bc1 76. Rf5+ Kd6 77. Nd4 Rh8 78. Rh5 Bd2 79. Nf5+ Kxd5 80. Bg8+ 1-0

[Event "US-op"]
[Site "Las Vegas"]
[Date "1997.??.??"]
[Round "6"]
[White "Epishin, Vladimir"]
[Black "Olafsson, Helgi"]
[Result "1-0"]
[WhiteElo "2640"]
[BlackElo "2550"]
[PlyCount "47"]
[EventDate "1997.04.??"]
[Source "ChessBase"]
[SourceDate "1997.07.29"]

1. d4 Nf6 2. c4 e6 3. Nf3 b6 4. g3 Bb7 5. Bg2 Be7 6. Nc3 Ne4 7. Bd2 f5 8. d5 Bf6 9. Qc2 Qe7 10. Rd1 exd5 11. cxd5 Na6 12. Be3 O-O 13. Nd4 Rae8 14. O-O Nxc3 15. Qxc3 Qf7 16. Qc4 Bxd4 17. Rxd4 Rc8 18. Rfd1 c5 19. dxc6 Qxc4 20. Rxc4 dxc6 21. Rdc1 Rf6 22. b4 b5 23. Rd4 Rf7 24. a3 1-0

[Event "II ch-Ibero-Americano Gp D"]
[Site "Morelia MEX"]
[Date "2008.02.16"]
[Round "2"]
[White "Hernandez Carmenates, Hold"]
[Black "Khamrakulov, I."]
[Result "1/2-1/2"]
[WhiteElo "2590"]
[BlackElo "2589"]
[PlyCount "46"]
[EventDate "2008.02.15"]
[Source "www.chesslib.no"]
[SourceDate "2004.05.04"]

1. Nf3 Nf6 2. c4 e6 3. g3 b6 4. Bg2 Bb7 5. d4 Be7 6. Nc3 Ne4 7. Bd2 Nxd2 8. Qxd2 d6 9. d5 e5 10. O-O O-O 11. e4 Nd7 12. Ne1 c6 13. Nd3 a5 14. Bh3 cxd5 15. Nxd5 Bxd5 16. cxd5 Nc5 17. Qe2 g6 18. Ne1 Qe8 19. Ng2 Qa4 20. f3 Bg5 21. Kh1 Bh6 22. Ne3 Bxe3 23. Qxe3 Qb4 1/2-1/2

[Event "IX Open"]
[Site "Dubai EAU"]
[Date "2007.04.24"]
[Round "3"]
[White "Anastasian, A."]
[Black "Sadvakasov, D."]
[Result "1/2-1/2"]
[WhiteElo "2552"]
[BlackElo "2618"]
[PlyCount "78"]
[EventDate "2007.04.22"]
[Source "www.chesslib.no"]
[SourceDate "2004.05.04"]

1. d4 Nf6 2. c4 e6 3. Nf3 b6 4. g3 Bb7 5. Bg2 Be7 6. Nc3 Ne4 7. Bd2 O-O 8. d5 f5 9. Qc2 exd5 10. Nxd5 Nc6 11. O-O a5 12. a3 d6 13. Rad1 a4 14. Bc3 g6 15. Nd4 Nxd4 16. Rxd4 Nxc3 17. Qxc3 Ra7 18. e4 c5 19. Rd2 Bxd5 20. Rxd5 Bf6 21. Qd2 Bd4 22. exf5 Qf6 23. fxg6 hxg6 24. h4 Re7 25. Rg5 Kh8 26. Rg4 Rfe8 27. Kh2 Kg7 28. Rf4 Re2 29. Qd1 Qe5 30. Qxa4 Bxb2 31. Bd5 Kh6 32. Qa7 Qe7 33. Qxe7 R8xe7 34. a4 Ra7 35. Bc6 Be5 36. Rg4 Rf7 37. Be4 Rexf2+ 38. Rxf2 Rxf2+ 39. Kh3 Rf6 1/2-1/2

[Event "Podolsk"]
[Site "Podolsk"]
[Date "1992.??.??"]
[Round "?"]
[White "Vyzmanavin, Alexey"]
[Black "Tiviakov, Sergei"]
[Result "1-0"]
[WhiteElo "2580"]
[BlackElo "2585"]
[PlyCount "67"]
[EventDate "1992.12.??"]
[Source "ChessBase"]

1. d4 Nf6 2. c4 e6 3. Nf3 b6 4. g3 Bb7 5. Bg2 Be7 6. Nc3 O-O 7. Qc2 d5 8. cxd5 Nxd5 9. O-O Na6 10. Rd1 Nab4 11. Qb3 Nxc3 12. bxc3 Nc6 13. c4 Qe8 14. Bd2 Rd8 15. d5 Nb8 16. e4 Nd7 17. Bf4 exd5 18. cxd5 Bd6 19. Qe3 f6 20. Bxd6 cxd6 21. Qa3 Nc5 22. Qxa7 f5 23. e5 dxe5 24. Qxb6 Rc8 25. Rac1 Rf6 26. Qb4 e4 27. Rxc5 exf3 28. Bxf3 f4 29. g4 h5 30. gxh5 Rxc5 31. Qxc5 Ra6 32. Qc7 Ba8 33. Rb1 Kh7 34. Qxf4 1-0

[Event "Rishon Le Ziyyon"]
[Site "Rishon Le Ziyyon"]
[Date "1994.??.??"]
[Round "4"]
[White "Chernin, Alexander"]
[Black "Kosashvili, Yona"]
[Result "1/2-1/2"]
[WhiteElo "2615"]
[BlackElo "2545"]
[PlyCount "75"]
[EventDate "1994.11.??"]
[Source "ChessBase"]

1. d4 Nf6 2. c4 e6 3. Nf3 b6 4. g3 Bb7 5. Bg2 Be7 6. Nc3 Ne4 7. Bd2 f5 8. d5 Bf6 9. Qc2 Bxc3 10. Bxc3 O-O 11. Nd2 Nxc3 12. Qxc3 d6 13. O-O e5 14. f4 Nd7 15. Bh3 e4 16. Nb3 Qf6 17. Qxf6 Rxf6 18. Nd4 Raf8 19. Ne6 Rc8 20. Nd4 Rcf8 21. b4 h5 22. Rfb1 g6 23. e3 Ra8 24. Bf1 Rff8 25. Be2 Nf6 26. h3 Bc8 27. Rb3 Bd7 28. Ra3 Kg7 29. Rc1 Rfb8 30. Bd1 a5 31. b5 h4 32. gxh4 Rh8 33. h5 Nxh5 34. Bxh5 Rxh5 35. Kg2 Rah8 36. Rh1 g5 37. fxg5 Rxg5+ 38. Kf2 1/2-1/2

[Event "Malmo"]
[Site "Malmo"]
[Date "1993.??.??"]
[Round "9"]
[White "Petursson, Margeir"]
[Black "Rozentalis, Eduardas"]
[Result "1/2-1/2"]
[WhiteElo "2560"]
[BlackElo "2595"]
[PlyCount "56"]
[EventDate "1993.06.??"]
[Source "ChessBase"]

1. d4 Nf6 2. c4 e6 3. Nf3 b6 4. g3 Bb7 5. Bg2 Be7 6. Nc3 Ne4 7. Bd2 f5 8. d5 Bf6 9. Qc2 Qe7 10. Rd1 Na6 11. O-O Nd6 12. dxe6 dxe6 13. Qa4+ Kf7 14. Be3 Nc5 15. Bxc5 bxc5 16. Ng5+ Bxg5 17. Bxb7 Rab8 18. Bc6 Rxb2 19. Qxa7 Bf6 20. Nb5 Rxe2 21. Qxc5 Rd8 22. Bf3 Rxa2 23. Nxc7 Rc8 24. Rxd6 Rxc7 25. Qb6 Rb2 26. Qa6 Ra2 27. Qb6 Rb2 28. Qa6 Ra2 1/2-1/2

[Event "France"]
[Site "?"]
[Date "1994.??.??"]
[Round "?"]
[White "Epishin, V."]
[Black "Rotstein, A."]
[Result "0-1"]
[WhiteElo "2675"]
[BlackElo "2480"]
[PlyCount "80"]
[EventDate "1994.??.??"]
[Source "ChessBase"]
[SourceDate "1994.06.01"]

1. d4 Nf6 2. c4 e6 3. Nf3 b6 4. g3 Bb7 5. Bg2 Be7 6. Nc3 Ne4 7. Bd2 f5 8. d5 Bf6 9. Qc2 Qe7 10. O-O Na6 11. Rad1 Nb4 12. Qb3 a5 13. Nb5 O-O 14. Bxb4 Qxb4 15. dxe6 dxe6 16. Nxc7 Rac8 17. Nxe6 Rfe8 18. Ned4 Rxc4 19. Nxf5 Qxb3 20. axb3 Rc2 21. N3d4 Rxb2 22. Bf3 Ba6 23. Rfe1 g6 24. Nh6+ Kf8 25. Ng4 Bg7 26. e3 Nd2 27. Be2 Bb7 28. h3 Bxd4 29. exd4 Rxe2 30. Rxe2 Nf3+ 31. Kg2 Rxe2 32. d5 Rd2 33. Rc1 Nd4 34. Nf6 Ke7 35. Rc7+ Kxf6 36. Rxb7 b5 37. d6 b4 38. d7 Nxb3 39. Ra7 Ke6 40. Kf3 Rxd7 0-1

[Event "Keres mem op 25th"]
[Site "Vancouver"]
[Date "2000.05.18"]
[Round "6"]
[White "Epishin, Vladimir"]
[Black "Gligoric, Svetozar"]
[Result "1-0"]
[WhiteElo "2667"]
[BlackElo "2487"]
[PlyCount "103"]
[EventDate "2000.05.13"]
[Source "ChessBase"]
[SourceDate "2000.07.11"]

1. d4 Nf6 2. c4 e6 3. Nf3 b6 4. g3 Bb7 5. Bg2 Be7 6. Nc3 O-O 7. d5 Bb4 8. O-O Na6 9. Bd2 Nc5 10. Rc1 Re8 11. dxe6 dxe6 12. Qc2 Bxc3 13. Bxc3 Be4 14. Qd1 a5 15. b3 h6 16. Ba1 Na6 17. Ne5 Bxg2 18. Kxg2 a4 19. Nc6 Qd7 20. Qxd7 Nxd7 21. Rfd1 Ndb8 22. Nd4 axb3 23. axb3 Nb4 24. Nb5 N8a6 25. Be5 c6 26. Nc7 Nxc7 27. Bxc7 b5 28. Bd6 Na2 29. Rc2 Red8 30. Rdd2 Ra6 31. e4 bxc4 32. Rxc4 c5 33. e5 Nb4 34. Rxc5 Nd5 35. Rdc2 Rb6 36. Rc8 Rxc8 37. Rxc8+ Kh7 38. Rb8 Rc6 39. b4 Rc2 40. b5 Ne3+ 41. Kf3 Nd1 42. Ke4 Rxf2 43. b6 Rxh2 44. b7 Rb2 45. Kd3 Nf2+ 46. Kc4 Ng4 47. Kc5 Kg6 48. Kc6 Rc2+ 49. Kb5 Rb2+ 50. Bb4 Nxe5 51. Rc8 Nd7 52. Rd8 1-0

[Event "RUS-ch"]
[Site "Elista"]
[Date "1996.??.??"]
[Round "2"]
[White "Epishin, Vladimir"]
[Black "Balashov, Yuri S"]
[Result "1/2-1/2"]
[WhiteElo "2620"]
[BlackElo "2530"]
[PlyCount "47"]
[EventDate "1996.10.15"]
[Source "ChessBase"]

1. d4 Nf6 2. c4 e6 3. Nf3 b6 4. g3 Bb7 5. Bg2 Be7 6. Nc3 Ne4 7. Bd2 d5 8. cxd5 exd5 9. Qa4+ c6 10. Rd1 Nxd2 11. Rxd2 Nd7 12. e4 dxe4 13. Nxe4 O-O 14. O-O Qc7 15. Rc1 Rad8 16. d5 Nc5 17. Nxc5 bxc5 18. dxc6 Bxc6 19. Qc2 Qb7 20. Rxd8 Rxd8 21. Ne1 Bxg2 22. Nxg2 Bf6 23. b3 Bd4 24. Re1 1/2-1/2

[Event "Acropolis 2007"]
[Site "Athens"]
[Date "2007.08.21"]
[Round "8.5"]
[White "Malakhatko, Vadim"]
[Black "Rozentalis, Eduardas"]
[Result "1-0"]
[WhiteElo "2596"]
[BlackElo "2551"]
[PlyCount "95"]
[EventDate "2007.08.14"]
[Source "www.chesslib.no"]
[SourceDate "2004.05.04"]

1. d4 Nf6 2. c4 e6 3. Nf3 b6 4. g3 Bb7 5. Bg2 Be7 6. Nc3 Ne4 7. Bd2 Nxc3 8. Bxc3 d5 9. cxd5 exd5 10. b4 c6 11. O-O O-O 12. Qb3 Nd7 13. Rfd1 Re8 14. a4 Bd6 15. Qb2 Qe7 16. e3 a6 17. a5 b5 18. Ne1 Nf6 19. Nd3 Rad8 20. Rac1 Ne4 21. Be1 h5 22. f3 Ng5 23. Bf2 Qf6 24. Qe2 Ne6 25. Qd2 Ng5 26. Nf4 g6 27. h4 Ne6 28. Nd3 Bb8 29. Rc2 Ng7 30. Nc5 Bc8 31. e4 dxe4 32. fxe4 Ne6 33. Qc3 Nxc5 34. bxc5 Bg4 35. Rf1 Qe6 36. Rd2 Qf6 37. Be3 Qe6 38. Bg5 Rc8 39. Rf6 Qd7 40. Qe3 Qc7 41. e5 Be6 42. Be4 Kh7 43. Qf3 Kg7 44. Rf2 Qd7 45. Be3 Re7 46. Qf4 Rh8 47. Rxg6+ Kf8 48. Qf6 1-0

[Event "Montreal 4th"]
[Site "Montreal"]
[Date "2003.07.30"]
[Round "7"]
[White "Romanishin, Oleg M"]
[Black "Rozentalis, Eduardas"]
[Result "1/2-1/2"]
[WhiteElo "2561"]
[BlackElo "2586"]
[PlyCount "83"]
[EventDate "2003.07.23"]
[Source "ChessBase"]
[SourceDate "2003.11.11"]

1. d4 Nf6 2. Nf3 e6 3. c4 b6 4. g3 Bb7 5. Bg2 Be7 6. Nc3 Ne4 7. Bd2 Nxc3 8. Bxc3 d5 9. Qa4+ c6 10. cxd5 exd5 11. Ne5 O-O 12. O-O a5 13. e4 b5 14. Qc2 Nd7 15. Nxd7 Qxd7 16. Rad1 b4 17. Bd2 Ba6 18. Rfe1 Rac8 19. Be3 dxe4 20. Bxe4 g6 21. b3 Bd6 22. Bg2 Rfe8 23. h4 Bb5 24. Rc1 h5 25. Qd1 Re7 26. Qf3 Rce8 27. Kh2 Re4 28. Qxe4 Rxe4 29. Bxe4 Qg4 30. Bg5 Kg7 31. Kg2 f6 32. Bf3 Qf5 33. Be4 Qg4 34. Bf3 Qf5 35. Bd2 g5 36. Be4 Qg4 37. Bf3 Qf5 38. hxg5 fxg5 39. Be4 Qg4 40. Bf3 Qf5 41. Be4 Qg4 42. Bf3 1/2-1/2